000 00609nam a2200193Ia 4500
008 090124s9999 xx 000 0 und d
082 _b132693
100 _aफोलेट केन
245 _a ऑन द विंग्ज ऑफ ईगल्स
250 _a1
260 _c2004
300 _a343
600 _aफोलेट केन
630 _a ऑन द विंग्ज ऑफ ईगल्स
700 _aफोलेट केन
700 _aलेले ज्योत्स्ना
730 _a ऑन द विंग्ज ऑफ ईगल्स
942 _cBOOK
999 _c178827
_d178827